Statistics for Guess The Marvel Character 2

Click here to take the quiz!

General Stats

  • This quiz has been taken 48 times
  • The average score is 5 of 15

Answer Stats

HintCharacter% Correct
Android with the Mind Stone embedded in his forehead.Vision
96%
Tree-like superhero with the ability to grow his limbs.Groot
85%
Love interest of the above, with Doctor Strange-like powers.Scarlet Witch
81%
Mutant who can attract metallic objects, switching allegiance every five minutes.Magneto
64%
Elder brother of the above, who shoots lasers from his eyes.Cyclops
47%
Mutant with the ability to spot others of his kind.Professor X
34%
Mutant with the ability to shift from place to place, especially when scared.Nightcrawler
32%
Shoots plasma, has great difficulty in controlling this.Havok
28%
Space-faring intergalactic cop and leader of an eponymous superhero corps.Nova
15%
Endowed powers by Merlyn to uphold the laws of the United Kingdom.Captain Britain
13%
Biological daughter of the above, possessing the same powers.Polaris
13%
Daughter of Merlyn, the Omniversal Gaurdian.Roma
6%
Father of the previous two, leader of the starjammers.Corsair
4%
Temperamental Japanese mutant with the ability to generate superheated plasma and fly.Sunfire
4%
Supervillain mutant, son of the above.Vulcan
4%

Score Distribution

Percentile by Number Answered

Percent of People with Each Score

Your Score History

You have not taken this quiz